| 000 | 00989nmc a2200337 a 4500 | ||
|---|---|---|---|
| 003 | AR-BaBNM | ||
| 005 | 20251128211647.0 | ||
| 008 | 195020s2003 ||||||||||||||000 | spa|| | ||
| 020 | _a84-7827-298-4 | ||
| 040 | _cAR-BaBNM | ||
| 245 | 1 | 0 |
_aPlanificación y análisis de la práctica educativa _bla secuencia formativa : fundamentos y análisis |
| 250 | _a1ª ed. | ||
| 260 |
_aBarcelona _bGraó _c2003 |
||
| 300 | 0 | _a143 p. | |
| 490 | 0 |
_aColección Graó. Biblioteca de Aula _v181 |
|
| 504 | _aIncluye bibliografía al final del volumen | ||
| 650 | 4 | _aDIDACTICA | |
| 650 | 4 | _aPRAXIS EDUCATIVA | |
| 650 | 4 | _aEVALUACION | |
| 650 | 4 | _aPLANIFICACION | |
| 653 | _aESTRATEGIAS DIDACTICAS | ||
| 653 | _aPROCESO DE ENSENANZA-APRENDIZAJE | ||
| 653 | _aUNIDADES DIDACTICAS | ||
| 700 | 1 |
_aGiné, Núria _ecoordinador |
|
| 700 | 1 |
_aParcerisa, Artur _ecoordinador |
|
| 700 | 1 | _aLlena, A. | |
| 700 | 1 | _aParís, E. | |
| 700 | 1 | _aQuinquer, D. | |
| 942 | _cBK | ||
| 998 | _ccalidad | ||
| 999 |
_c20612 _d20612 |
||